梦与醉 (Record no. 11176)
[ view plain ]
| 000 -LEADER | |
|---|---|
| fixed length control field | 01415nam a2200217Ia 4500 |
| 003 - CONTROL NUMBER IDENTIFIER | |
| control field | OSt |
| 005 - DATE AND TIME OF LATEST TRANSACTION | |
| control field | 20250212132414.0 |
| 008 - FIXED-LENGTH DATA ELEMENTS--GENERAL INFORMATION | |
| fixed length control field | 200815s9999||||xx |||||||||||||| ||und|| |
| 020 ## - INTERNATIONAL STANDARD BOOK NUMBER | |
| International Standard Book Number | 9787807428800 |
| 040 ## - CATALOGING SOURCE | |
| Transcribing agency | 0 |
| 041 ## - LANGUAGE CODE | |
| Language code of text/sound track or separate title | chi |
| 050 ## - LIBRARY OF CONGRESS CALL NUMBER | |
| Classification number | PL2780.F4 |
| Item number | .M4 2010 |
| 100 ## - MAIN ENTRY--PERSONAL NAME | |
| Personal name | 巴金 |
| 245 #0 - TITLE STATEMENT | |
| Title | 梦与醉 |
| Remainder of title | / |
| Statement of responsibility, etc. | 巴金 |
| 246 ## - VARYING FORM OF TITLE | |
| Title proper/short title | 夢與醉 |
| 260 ## - PUBLICATION, DISTRIBUTION, ETC. | |
| Place of publication, distribution, etc. | 南昌: |
| Name of publisher, distributor, etc. | 百花洲文艺出版社, |
| Date of publication, distribution, etc. | 2010 |
| 300 ## - PHYSICAL DESCRIPTION | |
| Extent | 80 p. |
| Other physical details | ; |
| Dimensions | 22 cm. |
| 505 ## - FORMATTED CONTENTS NOTE | |
| Formatted contents note | 《梦与醉》收录了作者巴金1936—1938年间所写的散文、序跋,以及部分译文。收录了散文《死》《梦》《醉》《路》《生》五篇,《关于》《关于》《关于》后记三篇,怀念罗淑的散文《纪念一个友人》一篇,《春月之死》(石川三四郎作)、《忆春月》(石川三四郎作)、《一个英雄的葬仪》(加闵斯基作)译文三篇。<br/><br/>在这里,作者积极探索人生与现实的秘密,他认为:“将个人的感情消溶在大众的感情里,将个人的苦乐联系在群体的苦乐上,这就是我的所谓‘醉’。”“将个人的生存放在群体的生存里。群体绵延不绝,能够继续到永久,则个人亦何尝不可以说是永生。”这些热情的文字,至今读来,仍启人深思。<br/><br/>本书于1938年9月由开明书店初版,现根据《巴金全集》本排印。 |
| 650 ## - SUBJECT ADDED ENTRY--TOPICAL TERM | |
| Topical term or geographic name entry element | Chinese essays. |
| 942 ## - ADDED ENTRY ELEMENTS (KOHA) | |
| Source of classification or shelving scheme | |
| Koha item type | Chinese Book |
| Withdrawn status | Lost status | Damaged status | Not for loan | Home library | Current library | Shelving location | Date acquired | Total Checkouts | Full call number | Barcode | Date last seen | Price effective from | Koha item type |
|---|---|---|---|---|---|---|---|---|---|---|---|---|---|
| GETS Theological Seminary Library | GETS Theological Seminary Library | General Stacks | 08/15/2020 | PL2780.F4 .M4 2010 | 00002027 | 08/15/2020 | 08/15/2020 | Chinese Book |